| 000 | 00749nam a22002057a 4500 | ||
|---|---|---|---|
| 999 |
_c175269 _d175269 |
||
| 005 | 20200819154107.0 | ||
| 010 | _aENG-128360 | ||
| 020 |
_c495.00 _a9789352838103 |
||
| 035 | _aEN-111892 | ||
| 037 | _bDBAD/PUB | ||
| 082 | _a485 | ||
| 100 | _aSingh, Meena | ||
| 245 |
_aArt of Effective English Writing: _cby Meena Singh and O.P.Singh _bFor ISC students of Class XI & XII/ |
||
| 250 | _a15th edition | ||
| 260 |
_aNew Delhi _bS Chand and company ltd _c2020 |
||
| 270 |
_aBlackie Elt Books B-1/D-1 Ground Floor Mohan Co-operative Industrial Estate Mathura Road _bNew Delhi _e110044 _k011-66672000 _mhelpdesk@schandpublishing.com |
||
| 300 |
_a516p. _c23.5cm(pbk) _btables |
||
| 700 | _aO.P.Singh | ||
| 942 |
_2ddc _cEN _h485 _mSIN |
||